01237cam a22002411 4500001000700000003000900007005001700016008004100033010001700074015002300091020003300114040002800147043001200175050001600187082001400203245006400217260004600281300004900327504004100376505052400417651001900941700003500960754845BDDh-ASL20231015030022.0710920m19681991enkabf b 001 0 eng  a 67012845  aB*** (v. 1 & v. 5) a0521060351 (v. 1)0001509834A aDLCcDLCdDLCdBDDh-ASL aa-ir---00aDS272b.C3400a955bCAM 04aThe Cambridge history of Iran, Vol.-1 :bThe Land of Iran / aCambridge:bUniversity Press,c1968-1991. av-1, 784 p. :billus., maps, plates.c24 cm. aIncludes bibliographies and indexes.0 av. 1. The land of Iran, edited by W. B. Fisher.--v. 2. The Median and Achaemenian periods, edited by Ilya Gershevitch.--v. 3. The Seleucid, Parthian, and Sasanian periods, edited by Ehsan Yarshater (2 pts.).--v. 4. The period from the Arab invasion to the Saljuqs.--v. 5. The Saljuq and Mongol periods, edited by J. A. Boyle.--v. 6. The Timurid and Safavid periods, edited by Peter Jackson and Laurence Lockhart.--v. 7. From Nadir Shah to the Islamic Republic, edited by Peter Avery, Gavin Hambly, and Charles Melville. 0aIranxHistory.1 aFisher, W. B.q(William Bayne)